000 00511cab a2200205 4500
001 WB2639-04
008 090401t1990 xxu||||| |||| 00| 0 eng d
035 _a(Sirsi) u74708
041 _aeng
245 _aTaste for the rustic
260 _c1990
350 _a0
490 _aDaily Telegraph
_v3/10/90 p32
520 _aExamines the construction of cob and thatch cottages in the New Forest .
650 _aCLAY
650 _aMUD
690 _aBUILT ENVIRONMENT
942 _n0
948 _c04/03/1997
999 _c47075
_d47075